000 01254cam a2200349 a 4500
001 2144811
003 OSt
005 20250710101402.0
008 981020s1999 enka b 001 0 eng
010 _a 98049129
020 _a0471983624 (hb)
035 _a(DLC) 98049129
038 _akhadija
040 _aDLC
_cDLC
_dDLC
050 0 0 _aQD79.T38
_bH38 1999
082 0 0 _a543.086 HOT
_221
100 1 _aHatakeyama, T.
_9840
245 1 0 _aThermal Analysis :
_bfundamentals and applications to polymer science /
_cT. Hatakeyama, F.X. Quinn.
250 _a2nd ed.
260 _aChichester ;
_aNew York :
_bWiley,
_cc1999.
300 _aviii, 180 p. :
_bill. ;
_c24 cm.
504 _aIncludes bibliographical references and indexes.
563 _ahard cover
650 0 _aThermal analysis.
_9841
650 0 _aPolymers
_xAnalysis.
_9842
700 1 _aQuinn, F. X.
_9843
856 4 2 _3Publisher description
_uhttp://www.loc.gov/catdir/description/wiley033/98049129.html
856 4 _3Table of Contents
_uhttp://www.loc.gov/catdir/toc/onix04/98049129.html
906 _a7
_bcbc
_corignew
_d1
_eocip
_f19
_gy-gencatlg
942 _2ddc
_cBK
999 _c31766
_d31766